000 00650nam a2200193Ia 4500
001 15973
003 GE_BSU
008 181216s||||||||xx |||||||||||||| ||und||
040 _cGE_BSU
080 _a821.353.1-1
100 _aხუხაშვილი, გიორგი
245 _aბიბლიური მოტივები; რჩეული ლექსები
260 _aთბილისი
260 _bქართული თეატრი
260 _c1992
300 _a480გვ. ; 20სმ.
653 _aბიბლიური მოტივები; რჩეული ლექსები
942 _cBK
999 _c49067
_d49067